| Tag |
First Indicator |
Second Indicator |
Subfields |
| LEADER |
00000cam a22000001a 4500 |
| 001 |
in00003663413 |
| 006 |
m o d f |
| 007 |
cr bn mmmapmmp |
| 008 |
040322s1923 dcu o f000 0 eng d |
| 005 |
20260611143307.8 |
| 035 |
|
|
|a ebd1910201866
|
| 040 |
|
|
|a UMI
|c UMI
|d UtOrBLW
|
| 086 |
0 |
|
|a C 13.8:230
|
| 099 |
|
|
|a C13.8-230
|
| 245 |
0 |
0 |
|a Recording chronograph for inverse rate method of thermal analysis.
|
| 264 |
|
1 |
|a [Washington?] :
|b U.S. Government Printing Office,
|c [1923]
|
| 300 |
|
|
|a 1 online resource (pages 245-255)
|
| 336 |
|
|
|a text
|b txt
|2 rdacontent
|
| 337 |
|
|
|a computer
|b c
|2 rdamedia
|
| 338 |
|
|
|a online resource
|b cr
|2 rdacarrier
|
| 490 |
0 |
|
|a Technologic Papers No. 230
|
| 500 |
|
|
|a [On construction and operation of device]
|
| 500 |
|
|
|a Record is based on bibliographic data in ProQuest U.S. Executive Branch Documents, 1910-1932. Reuse except for individual research requires license from ProQuest, LLC.
|
| 533 |
|
|
|a Electronic reproduction.
|b [Bethesda, Md.] :
|c ProQuest,
|d 2012.
|e digital, PDF file.
|n ProQuest U.S. Executive Branch Documents, 1910-1932.
|n Mode of access: World Wide Web via ProQuest website.
|
| 538 |
|
|
|a System requirements: PDF reader software.
|
| 500 |
|
|
|a Electronic resource.
|
| 650 |
|
0 |
|a Thermal analysis.
|0 http://id.loc.gov/authorities/subjects/sh85134751
|
| 655 |
|
7 |
|a Electronic books.
|2 local
|
| 700 |
1 |
|
|a French, Herbert J.
|q (Herbert James),
|d 1893-
|
| 776 |
1 |
8 |
|i Microfiche version:
|t Recording chronograph for inverse rate method of thermal analysis
|o CIS US Exec MF C13.8-230
|w (ProQuest)cis19121557
|
| 856 |
4 |
0 |
|u http://proxy.library.tamu.edu/login?url=https://congressional.proquest.com/congressional/docview/t66.d71.c13.8-230
|z Connect to the full text of this electronic document
|t 0
|
| 999 |
f |
f |
|s 258b0ac5-6edd-3d98-ae4a-ae0f98c3509f
|i 10a52af6-e4e9-3c5f-962f-027fcda459ab
|t 0
|
| 952 |
f |
f |
|a Texas A&M University
|b College Station
|c Electronic Resources
|s www_evans
|d Available Online
|t 0
|h No information provided
|
| 998 |
f |
f |
|t 0
|l Available Online
|